| 000 | 00381nam a2200157 a 4500 | ||
|---|---|---|---|
| 008 | 190521s2005|||| d | ||
| 100 | 1 | _aCayce Edgar | |
| 245 | 1 | 0 |
_a200 ispirujících príbehu _bpre 4.ročník zdš |
| 260 |
_bEko-kozult _aBratislava _c2005 |
||
| 958 | _aA | ||
| 250 | _a1.vydanie | ||
| 300 | _a215s. | ||
| 020 |
_a8080790361 _c0 |
||
| 041 | _acze | ||
| 044 | _aCZ | ||
| 999 |
_c20690 _d20690 |
||